000
00277nam a22001217a 4500
008
170616b xxu||||| |||| 00| 0 eng d
041
_a
eng
080
_a
32
100
_a
20
101
_a
SHP
245
_a
CIVIL DISOBEDIENCE: THEORY AND PRACTICE
_c
BEDAU,H.A
942
_2
udc
_c
BK
999
_c
17688
_d
17688